| 000 | 01971nam a22002777a 4500 | ||
|---|---|---|---|
| 001 | 1293 | ||
| 005 | 20250530110023.0 | ||
| 020 | _a9789996305801 | ||
| 040 |
_aFISKH _beng _cFISKH _dFISKH |
||
| 082 | _a398.20954 | ||
| 100 |
_aAhtma, Broson _d1954 |
||
| 245 |
_aកម្រងរឿង បញ្ចតន្រ្ត / _bល្បើកឥណ្ឌា : _cបកប្រែពីសំស្រ្កឹតដោយ ប្រសន្ន-អាត្មា ; គូររូបដោយ អ៊ីម ពិសី |
||
| 250 | _aបោះពុម្ពលើកទី ៤ មេសា ២០២២ | ||
| 260 |
_aPhnom Penh : _bSipar, _c2022. |
||
| 300 |
_a39 pages : _bcolor illustrations ; _c20 cm |
||
| 490 | _aខ្ញុំអានបាន | ||
| 505 | _aY | ||
| 520 | _aបញ្ចតន្រ្ត គឺជាកម្រងរឿងព្រេង និងល្បើកកថាអប់រំ ដែលរំលេចដោយ រូបភាព។ ក្នុងសៀវភៅនេះ យើងដកស្រង់យកតែរឿងល្អៗ ដែលផ្ដល់សារអប់រំដល់អ្នកអាន តាមរយះប្រធានបទខុសៗគ្នា ដូចជា ការចេះពិចារណា ការប្រុងប្រយ័ត្ន ការស្គាល់គុណ និងទោស។ស។ | ||
| 520 | _aThe book is a series of legends and educational stories highlighted by pictures. In this book, the author quotes only good stories that provide an educational message to the reader through different topics such as consideration, caution, gratitude and punishment. | ||
| 521 |
_a890
_bLexile estimate |
||
| 521 |
_aY
_bRaz-Plus |
||
| 650 |
_aសត្វ _vទំនៀមទម្លាប់ _xរឿងព្រេង |
||
| 650 |
_aAnimals _vFolklore _xfairytale |
||
| 700 |
_aPisey, Im _cillustrator |
||
| 942 |
_2ddc _cBK _n0 |
||
| 999 |
_c1293 _d1293 |
||